An evolving picture (Record no. 84666)

MARC details
000 -LEADER
fixed length control field 01006cab a22001935a 4500
001 - CONTROL NUMBER
control field L158723
008 - FIXED-LENGTH DATA ELEMENTS--GENERAL INFORMATION
fixed length control field 150701e20150627xxk 000 0 eng d
035 ## - SYSTEM CONTROL NUMBER
System control number (Sirsi) u158723
041 0# - LANGUAGE CODE
Language code of text/sound track or separate title eng
100 1# - MAIN ENTRY--PERSONAL NAME
Personal name Gallimore, Michael
245 03 - TITLE STATEMENT
Title An evolving picture
260 ## - PUBLICATION, DISTRIBUTION, ETC.
Date of publication, distribution, etc. 2015
490 ## - SERIES STATEMENT
Series statement Estates Gazette
Volume/sequential designation (1525) 27 June 2015, 112-113(2)
520 ## - SUMMARY, ETC.
Summary, etc. Examines the previous coalition government's planning reforms and the prospects under the new government. Mentions the Localism Act 2011 and the further legislative reform such as the Infrastructure Act 2013. Notes how the focus of reforms has changed over the years with the government's attentions increasingly turning to economic recovery and the growth agenda. Looks ahead to policy with items in the Conservative manifesto including locally led garden cities and towns and protection of green belt and of developing brownfield land.
590 ## - LOCAL NOTE (RLIN)
Local note KA
651 #4 - SUBJECT ADDED ENTRY--GEOGRAPHIC NAME
Geographic name United Kingdom
690 ## - LOCAL SUBJECT ADDED ENTRY--TOPICAL TERM (OCLC, RLIN)
Topical term or geographic name as entry element Planning and development
9 (RLIN) 6259
942 ## - ADDED ENTRY ELEMENTS (KOHA)
Suppress in OPAC 0
Holdings
Withdrawn status Lost status Source of classification or shelving scheme Damaged status Not for loan Home library Current library Shelving location Date acquired Total Checkouts Full call number Barcode Date last seen Copy number Price effective from Koha item type
    Dewey Decimal Classification     London London Journal article 01/07/2015   L158723 158723-1001 06/08/2019 1 06/08/2019 Journal article